[Event "WC-2014-Q-00010"]
[Site "LSS email"]
[Date "2014.11.12"]
[Round "?"]
[White "Novak, Joze"]
[Black "Miettinen, Kristo"]
[Result "1/2-1/2"]
[WhiteElo "2349"]
[BlackElo "2262"]
[PlyCount "84"]
[EventDate "2014.11.20"]
[EventType "tourn (corr)"]
[EventRounds "12"]
[EventCountry "GER"]
[SourceTitle "Corr 2022"]
[Source "ChessBase"]
[SourceDate "2021.10.24"]
[SourceVersion "1"]
[SourceVersionDate "2021.10.24"]
[SourceQuality "1"]

1. d4 g6 2. e4 Bg7 3. Nc3 c6 4. Nf3 d6 5. a4 Nf6 6. h3 0-0 7. Be3 d5 8. e5 Ne4 9. Bd3 Nxc3 10. bxc3 c5 11. dxc5 Qc7 12. Bd4 Nd7 13. Qe2 Nxc5 14. Qe3 b6 15. 0-0 Bd7 16. a5 Rfc8 17. c4 Nxd3 18. cxd3 dxc4 19. axb6 axb6 20. Rxa8 Rxa8 21. Bxb6 Qc6 22. Rc1 Ra4 23. Bc5 Qd5 24. dxc4 Rxc4 25. Rxc4 Qxc4 26. Bxe7 h6 27. Nd4 Bc6 28. Nxc6 Qxc6 29. Bb4 h5 30. Bd2 Qc4 31. Kh2 h4 32. Kg1 Qc2 33. e6 Bf6 34. e7 Bxe7 35. Qxe7 Qxd2 36. Qxh4 Kg7 37. Qg3 g5 38. Qg4 f6 39. Qe4 Qd6 40. g3 Kh6 41. Qf3 Qe6 42. Qc3 Kg7 1/2-1/2